Skały osadowe - Statystyki

Ogólne statystyki
  • Ten quiz został rozwiązany 306 razy
  • Średni wynik to 7 z 16
Statystyki odpowiedzi
Obrazkowy Odpowiedź % Poprawnych
piaskowiec
86%
wapień
78%
zlepieniec
68%
węgiel
61%
58%
sól kamienna
55%
less
48%
gips
45%
siarka
43%
kreda
40%
brekcja
39%
torf
35%
iłowiec
28%
fosforyt
10%
boksyt
6%
tuf wulkaniczny
6%
Nie znaleziono quizów pasujących do podanych kryteriów
Rozkład punktacji
Procent ludzi z każdym wynikiem
Percentyl według liczby udzielonych odpowiedzi
Twoja historia wyników
Nie rozwiązałeś tego quizu